| 000 | 00751nam a2200181Ia 4500 | ||
|---|---|---|---|
| 008 | 090630s9999 xx 000 0 und d | ||
| 082 | _b123 | ||
| 100 | _aसहस्त्रबुध्दे भा.के. | ||
| 245 |
_aआण्णा साहेब मणेरीकर. _cसहस्त्रबुध्दे भा.के. |
||
| 260 |
_bमणेरीकर श्री. ग. _c1966 |
||
| 300 | _a47 | ||
| 600 | _aसहस्त्रबुध्दे भा.के. | ||
| 630 | _aआण्णा साहेब मणेरीकर. | ||
| 655 | _aचरित्र. | ||
| 700 | _aसहस्त्रबुध्दे भा.के. | ||
| 730 | _aआण्णा साहेब मणेरीकर. | ||
| 942 | _cBOOK | ||
| 999 |
_c251979 _d251979 |
||